Визуально-графические коммуникации модных брендов в концепции "Фрактал-АРТ" (Запись № 13452597)

Подробности
000 -МАРКЕР
контрольное поле 02407nam0a2200397 4500
001 - ИДЕНТИФИКАТОР ЗАПИСИ
контрольное поле RU\NLR\BIBL_A\022462705
005 - ИДЕНТИФИКАТОР ВЕРСИИ
контрольное поле 20250715124229.0
010 ## - МЕЖДУНАРОДНЫЙ СТАНДАРТНЫЙ НОМЕР КНИГИ (ISBN)
Номер (ISBN) 978-5-907946-08-8
Тираж 500
021 ## - НОМЕР ГОСУДАРСТВЕННОЙ РЕГИСТРАЦИИ
Код страны Российская Федерация
Номер КН-П-24-083240
Номер Листа государственной регистраци КН-П-24-8295
035 ## - ДРУГИЕ СИСТЕМНЫЕ НОМЕРА
Идентификатор записи (NLR Aleph) 022462705
100 ## - ДАННЫЕ ОБЩЕЙ ОБРАБОТКИ
Данные общей обработки 20250219d2024 u y0rusy50 ca
101 0# - ЯЗЫК РЕСУРСА
Язык текста, звукозаписи и т.д. русский
102 ## - СТРАНА ПУБЛИКАЦИИ ИЛИ ПРОИЗВОДСТВА
Страна публикации Российская Федерация
105 ## - ПОЛЕ КОДИРОВАННЫХ ДАННЫХ: ТЕКСТОВЫЕ МАТЕРИАЛЫ, МОНОГРАФИЧЕСКИЕ
Кодированные данные о монографическом текстовом документе a j 000yy
181 #0 - ПОЛЕ КОДИРОВАННЫХ ДАННЫХ: ВИД СОДЕРЖАНИЯ
Код вида содержания (ISBD) i
Код характеристики содержания (ISBD) xxxe
182 #0 - ПОЛЕ КОДИРОВАННЫХ ДАННЫХ: ТИП СРЕДСТВА
Код типа средства (ISBD) n - непосредственное
200 1# - ЗАГЛАВИЕ И СВЕДЕНИЯ ОБ ОТВЕТСТВЕННОСТИ
Основное заглавие Визуально-графические коммуникации модных брендов в концепции "Фрактал-АРТ"
Сведения, относящиеся к заглавию учебное пособие для вузов
-- для студентов бакалавриата, обучающихся по направлению подготовки 54.03.01 "Дизайн" профили подготовки: "Графический дизайн", "Дизайн костюма", "Дизайн рекламы"
Первые сведения об ответственности Т. А. Петушкова
203 ## - ВИД СОДЕРЖАНИЯ И ТИП СРЕДСТВА
Вид содержания Текст
Дополнительные сведения об издании визуальный
Тип средства непосредственный
205 ## - СВЕДЕНИЯ ОБ ИЗДАНИИ
Сведения об издании 2-е изд., доп. и перераб.
210 ## - ПУБЛИКАЦИЯ, РАСПРОСТРАНЕНИЕ И ДР.
Место издания, распространения и т.д. Санкт-Петербург
Имя издателя, распространителя и т. д. Наукоемкие технологии
Дата издания, распространения и т.д. 2024
215 ## - ФИЗИЧЕСКАЯ ХАРАКТЕРИСТИКА
Специфическое обозначение материала и объем 129 с.
Другие сведения о физической характеристике ил.
Размеры 21
320 ## - ПРИМЕЧАНИЯ О НАЛИЧИИ В ДОКУМЕНТЕ БИБЛИОГРАФИИ / УКАЗАТЕЛЯ
Текст примечания Библиогр.: с. 128–129 (32 назв.) и в подстроч. примеч.
606 1# - НАИМЕНОВАНИЕ ТЕМЫ КАК ПРЕДМЕТ
Наименование темы Реклама
Формальный подзаголовок Учебные издания для высших учебных заведений
Тематический подзаголовок Оформление
Системный номер авторитетной/нормативной записи 1539902
Идентификатор авторитетной/нормативной записи RU\NLR\AUTH\66972506
606 1# - НАИМЕНОВАНИЕ ТЕМЫ КАК ПРЕДМЕТ
Наименование темы Художественное конструирование
Формальный подзаголовок Учебные издания для высших учебных заведений
Тематический подзаголовок Информационные технологии
Системный номер авторитетной/нормативной записи 2147981
Идентификатор авторитетной/нормативной записи RU\NLR\AUTH\661598556
606 1# - НАИМЕНОВАНИЕ ТЕМЫ КАК ПРЕДМЕТ
Наименование темы Бренд
Формальный подзаголовок Учебные издания для высших учебных заведений
Тематический подзаголовок Оформление
Системный номер авторитетной/нормативной записи 2376907
Идентификатор авторитетной/нормативной записи RU\NLR\AUTH\661418369
606 1# - НАИМЕНОВАНИЕ ТЕМЫ КАК ПРЕДМЕТ
Наименование темы Костюм
Формальный подзаголовок Учебные издания для высших учебных заведений
Хронологический подзаголовок 20 - 21 вв.
Системный номер авторитетной/нормативной записи 2564240
Идентификатор авторитетной/нормативной записи RU\NLR\AUTH\661516689
686 1# - ИНДЕКСЫ ДРУГИХ КЛАССИФИКАЦИЙ
Индекс Щ126.63(0)6я73
686 1# - ИНДЕКСЫ ДРУГИХ КЛАССИФИКАЦИЙ
Индекс Щ127.45я73
686 1# - ИНДЕКСЫ ДРУГИХ КЛАССИФИКАЦИЙ
Индекс Щ129.05я73
686 1# - ИНДЕКСЫ ДРУГИХ КЛАССИФИКАЦИЙ
Индекс Щ150.484.6я73
700 #1 - ИМЯ ЛИЦА - ПЕРВИЧНАЯ ОТВЕТСТВЕННОСТЬ
Начальный элемент ввода Петушкова
Часть имени, кроме начального элемента ввода Т. А.
Расширение инициалов личного имени Татьяна Анатольевна
942 ## - ДОПОЛНИТЕЛЬНЫЕ ЭЛЕМЕНТЫ ЗАПИСИ (АБИС)
Тип экземпляра АБИС Книга
980 ## - КОЛЛЕКЦИЯ
Название коллекции Национальная библиография

Нет доступных экземпляров.